The Marigold Story: (Record no. 183583)

MARC details
000 -LEADER
fixed length control field 00566nam a22001817a 4500
005 - DATE AND TIME OF LATEST TRANSACTION
control field 20220204124900.0
010 ## - LCCN (DPL NO)
LC control number ENG-130735
020 ## - INTERNATIONAL STANDARD BOOK NUMBER
International Standard Book Number 978-93-87-894-860
Terms of availability 699.00
035 ## - SYSTEM CONTROL NUMBER
System control number EN-114267
037 ## - SOURCE OF ACQUISITION
Source of stock number/acquisition DBAD
082 ## - DEWEY DECIMAL CLASSIFICATION NUMBER
Classification number S
100 ## - MAIN ENTRY--PERSONAL NAME
Personal name Chadha, KumKum
245 ## - TITLE STATEMENT
Title The Marigold Story:
Remainder of title Indira Gandhi & Others/
Statement of responsibility, etc KumKum Chadha
260 ## - PUBLICATION, DISTRIBUTION, ETC. (IMPRINT)
Place of publication, distribution, etc Chennai
Name of publisher, distributor, etc Westland Publications Private Limited
Date of publication, distribution, etc 2019
270 ## - ADDRESS
Address 61, 2nd Floor, Silverline Building, Alapakkam Main Road, Madhuravoyal
City Chennai
Postal code 600095
300 ## - PHYSICAL DESCRIPTION
Extent 338p
Dimensions 24cm(hbk)
942 ## - ADDED ENTRY ELEMENTS (KOHA)
Source of classification or shelving scheme Dewey Decimal Classification
Item type English Books
Classification part S
Call number suffix CHA
Holdings
Withdrawn status Lost status Not for loan Collection code Home library Current library Date acquired Source of acquisition Cost, normal purchase price Full call number Barcode Copy number Cost, replacement price Koha item type
      Non-fiction Patel Nagar Patel Nagar 29/12/2021 DBAD/PUB 699.00 S CHA EN-114267 1 699.00 English Books

© Delhi Public Library
Hit Counter
free hit counter